000 00414 a2200169 4500
001 189484
020 _a978-85-9986-808-9
040 _cMagnum
100 _aGuará, Wasiry
240 1 0 _aO caso da cobra que foi pega pelos pés
_lpor
245 1 0 _aO caso da cobra que foi pega pelos pés
300 _a24
362 0 _a2007
440 1 _aImperial Novo Milênio
697 _aLITERATURA INFANTO
942 _cBK
999 _c189484
_d189484